Kosovo-Quiz - Sudden Death - Statistiken

Allgemein
  • Dieses Quiz wurde 184 mal gespielt
  • Das Durchschnittsergebnis liegt bei 4 aus 10
Answers on the Grid
Answers color-coded by a green-red scale on the quiz's grid according to % correct below.
Dies ist die Flagge des Kosovos: 🇽🇰
Die Hauptstadt des Kosovos ist Priština
Der Kosovo ist ein Binnenstaat
Der Kosovo ist Mitglied der Europäischen Union
Die Mehrheit der Bevölkerung des Kosovos spricht Serbisch
Im Kosovo leben mehr Frauen als Männer
Die kosovarische Währung ist der Euro
Der Kosovo grenzt an ein Land mit dieser Flagge: 🇲🇪
2008 wurde der Kosovo von Serbien unabhängig
Das KFZ-Kennzeichen des Kosovos lautet "KS"
Der Kosovo hat bereits am Eurovision Song Contest teilgenommen
Der Kosovo ist Mitglied der NATO
Der Kosovo hat mehr Einwohner als Estland
Flächenmäßig ist der Kosovo größer als Zypern
Das BIP pro Kopf im Kosovo ist niedriger als das in Bosnien-Herzegowina
Die am weitesten verbreitete Glaubensrichtung ist das Christentum
Der Kosovo wird von über 170 unabhängigen Staaten als offiziell unabhängig anerkannt
Der Kosovo hat mindestens eine Stadt mit 1 Million Einwohnern
Die Eltern der Sängerin Dua Lipa kommen ursprünglich aus dem Kosovo
Die Schrift im Kosovo wird mit kyrillischen Buchstaben geschrieben
 
Antwortstatistiken
Antwort % Korrekt
Die Hauptstadt des Kosovos ist Priština
58%
2008 wurde der Kosovo von Serbien unabhängig
54%
Dies ist die Flagge des Kosovos: 🇽🇰
45%
Die Eltern der Sängerin Dua Lipa kommen ursprünglich aus dem Kosovo
44%
Der Kosovo ist ein Binnenstaat
42%
Die kosovarische Währung ist der Euro
38%
Der Kosovo grenzt an ein Land mit dieser Flagge: 🇲🇪
30%
Das BIP pro Kopf im Kosovo ist niedriger als das in Bosnien-Herzegowina
29%
Flächenmäßig ist der Kosovo größer als Zypern
21%
Der Kosovo hat mehr Einwohner als Estland
8%
Keine übereinstimmenden Quizze gefunden
Verteilung der Resultate
Anzahl Personen mit jedem Resultat
Perzentil nach korrekt beantworteten Fragen
Ihre Resultats-Entwicklung
Sie haben dieses Quiz noch nicht gespielt